[Event "XX Sants Open 2018"]
[Site "Cotxeres de Sants"]
[Date "2018.08.24"]
[Round "8"]
[White "Diaz Camallonga, Carles"]
[Black "Chavez, Ricardo Ernesto"]
[Result "0-1"]
[WhiteElo "2445"]
[BlackElo "2244"]
[Annotator "TA"]
[PlyCount "90"]
[EventDate "2018.08.17"]
[EventType "swiss"]
[EventCountry "ESP"]
[SourceTitle "playchess.com"]
[Source "ChessBase"]
[SourceQuality "1"]

{[%evp 18,90,-21,-7,-22,-25,-16,-103,-115,-115,-124,-206,-182,-182,-73,-77,-75,-202,-156,-151,-136,-316,-319,-327,-312,-314,-311,-335,-325,-294,-297,-334,-323,-328,-316,-331,-315,-319,-256,-259,0,-290,-315,-316,-310,-308,-310,-285,-308,-342,-240,-306,-305,-341,-287,-297,-272,-2512,-2415,-2226,-342,-2120,-37,-53,0,-2086,-1918,-29980,-29981,-29981,-29981,-2615,-570,-557,-487]} 1. e4 d5 2. exd5 Nf6 3. Nf3 Qxd5 4. d4 Bg4 5. Be2 Nc6 {[%cal Bb8c6,Bc6b4,Bb4d3][%mdl 32]} 6. Be3 O-O-O 7. Nbd2 {B01: Scandinavian Defence} Qf5 8. c4 e5 9. d5 Nb4 10. Rc1 {LiveBook: 3 Games} (10. O-O Nc2 11. Nh4 Nxe3 12. fxe3 Qg5 13. Bxg4+ Nxg4 14. Nf5 Nxe3 15. Nxe3 {1-0 (26) Istratescu,A (2627)-Horvath,J (2508) Aschach 2014}) 10... e4 11. Nd4 Qg6 12. Kf1 (12. O-O $11) 12... Nd3 $17 13. Rc3 $146 ({Predecessor:} 13. Rb1 Bxe2+ 14. Qxe2 {½-½ (36) Oms Fuentes,L (2290)-Asensio Linan,T (2145) Barcelona 2015}) 13... Bb4 ({Much less strong is} 13... Nxb2 14. Qb3 $15) 14. Rb3 (14. Rc2 $17 {might work better.}) 14... Bxe2+ $19 15. Nxe2 {[#]} Bxd2 (15... b5 $1 $19 {[%mdl 512] is more deadly.} 16. Nf4 (16. cxb5 Nxd5) 16... Nxf4 17. Bxf4 bxc4 18. Rxb4 Nxd5 19. Bxc7 Nxb4 20. Bxd8 Rxd8) 16. Qxd2 $17 {[#]} Ng4 $1 $36 {[%mdl 2048] White is under strong pressure.} 17. Nd4 (17. Nf4 $17 Nxe3+ 18. fxe3 Nxf4 19. exf4) 17... Rd6 18. h3 Nxe3+ 19. fxe3 $2 (19. Qxe3 $17 {was the only chance.} Rf6 20. f3) 19... Rf6+ 20. Kg1 Qg3 {...Rf2 is the strong threat.} 21. Rxd3 exd3 22. h4 Re8 23. Rh3 Qg6 24. b3 Qe4 25. Nb5 a6 26. Nc3 Qf5 {aiming for ...Qf1+.} 27. Rf3 Qe5 28. Rh3 Qf5 {White must now prevent ...Qf1+.} 29. Rf3 Qg4 30. Rxf6 gxf6 31. Qxd3 Qxh4 $19 {[%mdl 4096] Endgame Strongly threatening ...Qe1+. KQR-KQN} 32. Kf1 Re5 33. d6 cxd6 34. Nd5 Qe4 35. Qd2 Kb8 36. Kg1 Ka7 37. Qa5 $2 (37. Kf2) 37... Qb1+ 38. Kh2 Rh5+ 39. Kg3 Rg5+ $2 (39... Qg6+ $19 40. Kf2 Qc2+ 41. Kg1 Qc1+ 42. Kf2 Qb2+ 43. Kf3 Rf5+ 44. Ke4 Qc2+ 45. Kd4 Qd1+ 46. Kc3 Qe1+ 47. Kd3 Qxa5) 40. Kh2 $15 Rh5+ $2 {[%mdl 8192]} (40... Rxd5 $15 41. Qxd5 Qxa2) 41. Kg3 $19 Qg6+ 42. Kf2 Qc2+ 43. Kg1 Qc1+ 44. Kf2 Rf5+ (44... Qb2+ $142 45. Kf3 Rf5+ 46. Kg4 Rg5+ 47. Kf4 Qe5+ 48. Kf3 Qf5+ 49. Nf4 Qxa5) 45. Kg3 {[#] intending Qb6+.} Qxe3+ $1 {[%mdl 512] Precision: White = 50%, Black = 63%.} 0-1

[Event "XX Sants Open 2018"]
[Site "Cotxeres de Sants"]
[Date "2018.08.24"]
[Round "8"]
[White "Yankelevich, Lev"]
[Black "Moussard, Jules"]
[Result "0-1"]
[WhiteElo "2420"]
[BlackElo "2566"]
[Annotator "TA"]
[PlyCount "80"]
[EventDate "2018.08.17"]
[EventType "swiss"]
[EventCountry "ESP"]
[SourceTitle "playchess.com"]
[Source "ChessBase"]
[SourceQuality "1"]

{[%evp 11,80,23,66,0,28,33,33,26,33,36,40,32,36,34,46,-29,32,0,8,25,31,0,0,0,16,21,18,-4,0,-16,0,-46,12,-55,-25,-95,-87,-90,-77,-84,-71,-102,-110,-180,-186,-276,-176,-377,-375,-377,-377,-399,-374,-494,-473,-517,-510,-517,-447,-502,-471,-448,-439,-546,-522,-593,-431,-537,-527,-1321,-1312]} 1. d4 d6 2. e4 Nf6 3. Nc3 g6 4. f4 Bg7 5. Bd3 O-O 6. Nf3 Bg4 {LiveBook: 65 Games} 7. Be2 {B09: Pirc Defence: Austrian Attack} (7. h3 $14 Bxf3 8. Qxf3) 7... Nc6 8. d5 (8. Be3 Bxf3 9. Bxf3 e5 10. fxe5 dxe5 11. d5 Nd4 12. O-O c6 13. dxc6 bxc6 14. Ne2 Qc7 {½-½ (60) Karjakin,S (2773)-Nepomniachtchi,I (2742) Saint Louis 2017 CBM 180 [Marin,M]}) 8... Nb8 9. h3 {White is slightly better.} Bxf3 10. Bxf3 c6 $146 ({Predecessor:} 10... Nbd7 11. O-O c6 12. Kh1 Qc7 13. Be3 a6 14. a4 e5 {1-0 (23) Gutierrez Dopino,J (2167)-Bellisario,C (1654) ICCF email 2016}) 11. Be3 Nbd7 12. O-O Qa5 13. Qe2 (13. Rb1 $14) 13... Rac8 (13... cxd5 $11 14. exd5 Nb6) 14. a4 cxd5 15. exd5 a6 16. Bd2 Qc5+ 17. Be3 Qc4 18. Rfe1 Rfe8 19. Qd1 Qb4 20. Ra3 Nc5 21. a5 Nfd7 ({Black should try} 21... e6 $15 22. dxe6 Rxe6) 22. Qa1 (22. Bc1 $1 $11) 22... b6 {[%cal Bb7b6,Bb6a5][%mdl 32]} 23. Bd2 (23. Kh1 $11) 23... bxa5 $17 24. Re2 Rb8 $36 {[%mdl 2048] White is under strong pressure.} 25. Ra2 Nb6 26. Na4 Qc4 27. Nxb6 (27. Nxc5 $17 Qxc5+ 28. Be3) 27... Rxb6 $19 28. Bxa5 (28. b3 {was worth a try.} Qxe2 29. Bxe2 Bxa1 30. Rxa1) 28... Rb5 29. Bd2 $2 {[#]} (29. Kh1) 29... Bxb2 $1 {[%mdl 512]} 30. Rxb2 Qd4+ 31. Kh2 Qxb2 32. Qe1 Qxc2 {Black is clearly winning.} 33. Bc3 Qd3 34. Bf6 Rb1 35. Qf2 Qf5 36. Bg5 Rb4 37. Qe1 Nd3 38. Qc3 {[#] Bh6 is the strong threat.} Rxf4 39. Bh6 {[%csl Gh6][%cal Rc3g7]} Ne5 40. g4 Rxf3 {Precision: White = 20%, Black = 61%.} 0-1

[Event "XX Sants Open 2018"]
[Site "Cotxeres de Sants"]
[Date "2018.08.24"]
[Round "8"]
[White "Vargas Drechsler, Carlos"]
[Black "Perez Garcia, Jose Miguel"]
[Result "1-0"]
[WhiteElo "1902"]
[BlackElo "1910"]
[Annotator "NA"]
[PlyCount "53"]
[EventDate "2018.08.17"]
[EventType "swiss"]
[EventCountry "ESP"]
[SourceTitle "playchess.com"]
[Source "ChessBase"]
[SourceQuality "1"]
[TimeControl "40/5400+30:1800+30"]

1. e4 c5 2. Nc3 e6 3. g3 a6 4. a4 b6 5. Bg2 Bb7 6. Nge2 d6 7. O-O Nd7 8. d3 Qc7 9. f4 Be7 10. f5 exf5 11. Rxf5 Ngf6 12. Bg5 O-O 13. Qd2 Rfe8 14. Raf1 Rab8 15. Nf4 Qd8 16. Bxf6 Nxf6 17. Nfd5 Bxd5 18. Nxd5 Nxd5 19. exd5 Rf8 20. Be4 g6 21. Qh6 f6 22. Rh5 Rf7 23. Bxg6 Bf8 24. Bxf7+ Kxf7 25. Qxh7+ Bg7 26. Re1 Rb7 27. Qe4 1-0

[Event "XX Sants Open 2018"]
[Site "Cotxeres de Sants"]
[Date "2018.08.24"]
[Round "8"]
[White "Alcala Gonzalez, Cesar"]
[Black "Magallanes, Gustavo Javier"]
[Result "0-1"]
[WhiteElo "1815"]
[BlackElo "1905"]
[Annotator "NA"]
[PlyCount "75"]
[EventDate "2018.08.17"]
[EventType "swiss"]
[EventCountry "ESP"]
[SourceTitle "playchess.com"]
[Source "ChessBase"]
[SourceQuality "1"]
[TimeControl "40/5400+30:1800+30"]

1. d4 Nf6 2. c4 e6 3. Nc3 Bb4 4. Nf3 Bxc3+ 5. bxc3 b6 6. Bg5 Bb7 7. e3 d6 8. Nd2 Nbd7 9. Qc2 h6 10. Bh4 Qe7 11. e4 e5 12. Bd3 g5 13. Bg3 Nh5 14. O-O-O O-O-O 15. Rhe1 Kb8 16. Nf1 Qf6 17. Be2 Nf4 18. Ne3 Rhe8 19. Bf3 Qg6 20. d5 Nc5 21. h3 Bc8 22. Bxf4 exf4 23. Nf1 f5 24. Nd2 h5 25. g3 fxg3 26. fxg3 fxe4 27. Nxe4 Bf5 28. Rd4 g4 29. hxg4 hxg4 30. Bg2 Re5 31. Re3 Rde8 32. Nxc5 Bxc2 33. Nd7+ Kc8 34. Nxe5 dxe5 35. Rd2 Qg5 36. Ree2 Bd3 37. Rf2 Bxc4 38. d6 0-1

[Event "XX Sants Open 2018"]
[Site "Cotxeres de Sants"]
[Date "2018.08.24"]
[Round "8"]
[White "Barragan Hernandez, Manel"]
[Black "Santos Ramos, Carlos"]
[Result "1/2-1/2"]
[WhiteElo "1799"]
[BlackElo "1825"]
[Annotator "NA"]
[PlyCount "99"]
[EventDate "2018.08.17"]
[EventType "swiss"]
[EventCountry "ESP"]
[SourceTitle "playchess.com"]
[Source "ChessBase"]
[SourceQuality "1"]
[TimeControl "40/5400+30:1800+30"]

1. e4 {[%emt 0:00:00]} d5 {[%emt 0:00:00]} 2. exd5 {[%emt 0:00:07]} Nf6 {[%emt 0:00:00]} 3. d4 {[%emt 0:04:25]} Nxd5 {[%emt 0:01:23]} 4. Nf3 {[%emt 0:01:21]} Bf5 {[%emt 0:00:35]} 5. Bd3 {[%emt 0:03:07]} Bxd3 {[%emt 0:01:56]} 6. Qxd3 {[%emt 0:00:03]} c6 {[%emt 0:01:37]} 7. O-O {[%emt 0:00:56]} e6 {[%emt 0:00:08]} 8. Re1 {[%emt 0:03:02]} Be7 {[%emt 0:00:12]} 9. c4 {[%emt 0:01:13]} Nf6 {[%emt 0:02:24]} 10. Nc3 {[%emt 0:01:48]} O-O {[%emt 0:00:17]} 11. Bf4 {[%emt 0:02:38]} Nbd7 {[%emt 0:00:26]} 12. Rad1 {[%emt 0:01:10]} Nh5 {[%emt 0:02:10]} 13. Be3 {[%emt 0:02:44]} Qc7 {[%emt 0:00:38]} 14. Ne4 {[%emt 0:01:46]} Ndf6 {[%emt 0:04:28]} 15. Nxf6+ {[%emt 0:06:44]} Nxf6 {[%emt 0:00:07]} 16. Bg5 {[%emt 0:01:25]} h6 {[%emt 0:00:09]} 17. Bh4 {[%emt 0:00:20]} Nh5 {[%emt 0:02:25]} 18. Bxe7 {[%emt 0:03:59]} Qxe7 {[%emt 0:00:09]} 19. Ne5 {[%emt 0:04:35]} Qg5 {[%emt 0:01:31]} 20. Qf3 {[%emt 0:01:39]} Nf6 {[%emt 0:02:45]} 21. b4 {[%emt 0:04:25]} Rad8 {[%emt 0:00:41]} 22. a4 {[%emt 0:05:31]} Nd7 {[%emt 0:00:30]} 23. b5 {[%emt 0:03:11]} c5 {[%emt 0:03:05]} 24. Qxb7 {[%emt 0:03:36]} Nxe5 {[%emt 0:00:14]} 25. dxe5 {[%emt 0:01:32]} Qxe5 {[%emt 0:03:15]} 26. Qxa7 {[%emt 0:01:25]} Rd2 {[%emt 0:08:24]} 27. Qa5 {[%emt 0:04:40]} Rxd1 28. Rxd1 Qe2 {[%emt 0:01:59]} 29. Rc1 {[%emt 0:03:35]} Qd3 {[%emt 0:02:38]} 30. Qc3 {[%emt 0:04:26]} Qd6 {[%emt 0:00:09]} 31. g3 {[%emt 0:01:29]} Rd8 {[%emt 0:00:19]} 32. a5 {[%emt 0:00:31]} f5 {[%emt 0:02:37]} 33. f4 {[%emt 0:07:23]} g5 {[%emt 0:00:11]} 34. Qe5 {[%emt 0:05:40]} Qd2 {[%emt 0:08:14]} 35. Qxe6+ {[%emt 0:01:10]} Kg7 {[%emt 0:00:24]} 36. Qe1 {[%emt 0:07:25]} Qd4+ {[%emt 0:02:11]} 37. Qf2 {[%emt 0:00:05]} Qe4 {[%emt 0:01:50]} 38. Qxc5 {[%emt 0:02:52]} Rd2 {[%emt 0:00:24]} 39. Qe5+ {[%emt 0:01:22]} Kg6 {[%emt 0:01:40]} 40. Qxe4 {[%emt 0:00:00]} fxe4 {[%emt 0:00:00]} 41. Re1 {[%emt 0:03:38]} Kf5 {[%emt 0:04:23]} 42. fxg5 {[%emt 0:00:31]} hxg5 {[%emt 0:00:36]} 43. a6 {[%emt 0:02:04]} Kg4 {[%emt 0:05:14]} 44. Rxe4+ {[%emt 0:00:51]} Kh3 {[%emt 0:01:31]} 45. a7 {[%emt 0:01:59]} Ra2 {[%emt 0:01:01]} 46. b6 {[%emt 0:00:10]} g4 {[%emt 0:00:09]} 47. b7 {[%emt 0:00:56]} Rxh2 {[%emt 0:08:38]} 48. b8=Q {[%emt 0:01:01]} Rh1+ {[%emt 0:00:34]} 49. Kf2 {[%emt 0:01:02]} Rh2+ {[%emt 0:01:15]} 50. Ke3 {[%emt 0:00:12]} 1/2-1/2

[Event "XX Sants Open 2018"]
[Site "Cotxeres de Sants"]
[Date "2018.08.24"]
[Round "8"]
[White "Rull Borrell, Salvador"]
[Black "Garrido Sanchez, Daniel"]
[Result "1/2-1/2"]
[WhiteElo "1647"]
[BlackElo "1560"]
[Annotator "NA"]
[PlyCount "50"]
[EventDate "2018.08.17"]
[EventType "swiss"]
[EventCountry "ESP"]
[SourceTitle "playchess.com"]
[Source "ChessBase"]
[SourceQuality "1"]
[TimeControl "40/5400+30:1800+30"]

1. e4 c5 2. Nf3 Nc6 3. d4 cxd4 4. Nxd4 Nf6 5. Nc3 e5 6. Ndb5 a6 7. Nd6+ Bxd6 8. Qxd6 Qe7 9. Qxe7+ Nxe7 10. Bd3 h6 11. f3 d5 12. exd5 Nexd5 13. Nxd5 Nxd5 14. Bd2 O-O 15. O-O Be6 16. Rfe1 Nf4 17. Bf1 Ng6 18. c4 f6 19. b4 Kf7 20. a4 Rfd8 21. Be3 Ne7 22. b5 Nf5 23. Bb6 Rd6 24. Bd3 Rb8 25. Be4 Ra8 1/2-1/2

[Event "XX Sants Open 2018"]
[Site "Cotxeres de Sants"]
[Date "2018.08.24"]
[Round "8"]
[White "Grasa Solanas, Oscar"]
[Black "Vadillo, Torre Ismael"]
[Result "0-1"]
[WhiteElo "1646"]
[BlackElo "1567"]
[Annotator "NA"]
[PlyCount "86"]
[EventDate "2018.08.17"]
[EventType "swiss"]
[EventCountry "ESP"]
[SourceTitle "playchess.com"]
[Source "ChessBase"]
[SourceQuality "1"]
[TimeControl "40/5400+30:1800+30"]

1. c4 e5 2. Nc3 g6 3. g3 Bg7 4. Bg2 Nc6 5. Nf3 Nge7 6. O-O O-O 7. d3 f5 8. Rb1 d5 9. cxd5 Nxd5 10. Qb3 Be6 11. Ng5 Nd4 12. Qd1 c6 13. Nxe6 Nxe6 14. Nxd5 cxd5 15. e3 e4 16. dxe4 dxe4 17. Qb3 Qe7 18. Bd2 Rfd8 19. Bb4 Qf7 20. Rfd1 Ng5 21. Qc2 Rac8 22. Rxd8+ Rxd8 23. Bf1 Qd7 24. Be2 Nf3+ 25. Kg2 Kh8 26. Rd1 Qc8 27. Rxd8+ Qxd8 28. b3 Ne5 29. Bb5 a6 30. Be2 h5 31. Ba3 Kh7 32. h4 Nd3 33. Kf1 Qa5 34. Bxd3 exd3 35. Qc5 Qd2 36. Bc1 Qe2+ 37. Kg2 Qxa2 38. Qb4 Qb1 39. Bd2 Qc2 40. Kf1 Qd1+ 41. Kg2 b6 42. Bc3 a5 43. Qc4 Qc2 0-1

[Event "XX Sants Open 2018"]
[Site "Cotxeres de Sants"]
[Date "2018.08.24"]
[Round "8"]
[White "Buisan Arnau, Oriol"]
[Black "Lujan Moreno, Royer Manuel"]
[Result "0-1"]
[WhiteElo "1599"]
[BlackElo "1477"]
[Annotator "NA"]
[PlyCount "54"]
[EventDate "2018.08.17"]
[EventType "swiss"]
[EventCountry "ESP"]
[SourceTitle "playchess.com"]
[Source "ChessBase"]
[SourceQuality "1"]
[TimeControl "40/5400+30:1800+30"]

1. e4 e5 {[%emt 0:09:46]} 2. Nf3 {[%emt 0:06:37]} d6 {[%emt 0:00:24]} 3. Bc4 {[%emt 0:01:07]} Be7 {[%emt 0:00:11]} 4. h3 {[%emt 0:01:19]} h6 {[%emt 0:00:01]} 5. d3 {[%emt 0:02:05]} Nf6 {[%emt 0:00:10]} 6. c3 {[%emt 0:03:55]} c5 {[%emt 0:00:40]} 7. Nbd2 {[%emt 0:02:03]} O-O {[%emt 0:00:10]} 8. Nf1 {[%emt 0:01:03]} Nh7 {[%emt 0:03:04]} 9. Ne3 {[%emt 0:01:37]} Be6 {[%emt 0:03:19]} 10. Nd5 {[%emt 0:04:19]} Nd7 {[%emt 0:01:50]} 11. O-O {[%emt 0:12:32]} Nb6 {[%emt 0:00:02]} 12. Nxe7+ {[%emt 0:00:03]} Qxe7 {[%emt 0:00:01]} 13. Bb3 {[%emt 0:03:20]} Kh8 {[%emt 0:01:32]} 14. Nh2 {[%emt 0:03:08]} Rad8 {[%emt 0:01:45]} 15. c4 {[%emt 0:09:28]} f5 {[%emt 0:00:08]} 16. exf5 {[%emt 0:02:03]} Rxf5 {[%emt 0:00:03]} 17. f4 {[%emt 0:04:47]} Rdf8 {[%emt 0:01:47]} 18. fxe5 {[%emt 0:04:59]} Rxf1+ {[%emt 0:00:25]} 19. Nxf1 {[%emt 0:00:02]} dxe5 {[%emt 0:01:08]} 20. Qe2 {[%emt 0:02:04]} Bd7 {[%emt 0:00:18]} 21. Bd2 {[%emt 0:02:49]} Bc6 {[%emt 0:00:08]} 22. Re1 {[%emt 0:02:01]} Nd7 {[%emt 0:00:29]} 23. Bc3 {[%emt 0:01:51]} Qg5 {[%emt 0:00:50]} 24. Nh2 {[%emt 0:05:34]} Qg3 {[%emt 0:02:25]} 25. Bc2 {[%emt 0:04:14]} Ng5 {[%emt 0:00:03]} 26. Qg4 {[%emt 0:10:14]} Qf2+ {[%emt 0:01:58]} 27. Kh1 {[%emt 0:00:10]} Qxc2 {[%emt 0:00:03]} 0-1

[Event "XX Sants Open 2018"]
[Site "Cotxeres de Sants"]
[Date "2018.08.25"]
[Round "9"]
[White "Demchenko, Anton"]
[Black "Martinez Alcantara, Jose Eduardo"]
[Result "1/2-1/2"]
[WhiteElo "2670"]
[BlackElo "2561"]
[Annotator "TA"]
[PlyCount "206"]
[EventDate "2018.08.17"]
[EventType "swiss"]
[EventCountry "ESP"]
[SourceTitle "playchess.com"]
[Source "ChessBase"]
[SourceQuality "1"]

{[%evp 15,206,22,22,16,22,27,36,42,51,35,54,39,44,43,49,42,49,45,62,47,45,51,55,56,61,60,66,65,131,122,131,78,78,68,77,72,77,27,30,35,37,39,29,8,14,9,16,23,11,7,39,28,30,31,37,44,39,40,40,39,45,14,15,0,0,0,0,0,0,0,8,8,8,8,8,8,16,16,16,17,26,0,0,0,0,0,0,0,0,0,0,0,0,0,0,0,0,0,0,0,0,0,0,0,0,0,0,0,0,0,0,0,0,0,0,0,0,0,0,0,0,0,0,0,0,0,0,0,0,0,0,0,0,0,0,0,0,0,0,0,0,0,0,0,0,0,0,0,0,0,0,0,0,0,0,0,0,0,0,0,0,0,0,0,0,0,0,0,0,0,0,0,0,0,0,0,6,0,0,0,0,0,0,0,8,0,0,0,0,0,0,0,0]} 1. e4 e5 2. Nf3 Nc6 3. Bc4 Bc5 4. d3 Nf6 5. Bg5 {[%cal Bc1g5,Bg5h4,Bh4g3,Bg3h2][%mdl 32]} h6 6. Bh4 Be7 {C50: Hungarian Defence and Giuoco Pianissimo} (6... d6 7. c3 a6 8. Nbd2 Ba7 9. O-O g5 10. Bg3 Qe7 11. Kh1 Nh5 12. a4 Nf4 13. b4 Ng6 14. Ne1 Nd8 15. Nc2 Ne6 {0-1 (46) Demchenko,A (2660)-Anand,V (2782) Riadh 2017}) 7. a4 d6 8. Bg3 O-O {LiveBook: 3 Games} 9. h3 a6 10. O-O Nh5 $146 ({Predecessor:} 10... Be6 11. Nbd2 Nh7 12. c3 Bf6 13. Re1 Re8 {1-0 (51) Fantinel,T (2410)-Kuljasevic,D (2546) Porticcio 2017}) 11. Bh2 Bf6 12. c3 g6 13. Re1 Bg7 14. Nbd2 Be6 15. Bxe6 fxe6 16. b4 {[%cal Bb2b4,Bb4b5][%mdl 32]} Qe8 17. Qb3 g5 18. b5 Na5 19. Qb4 b6 20. d4 exd4 21. cxd4 Qg6 (21... axb5 $14 22. axb5 Rd8) 22. Rac1 $16 Rf7 23. Rc3 (23. g4 $142) 23... axb5 24. axb5 Ra7 25. Qb1 Nf6 26. e5 Qxb1 27. Rxb1 Nd5 28. Rcc1 dxe5 29. Bxe5 Bxe5 30. Nxe5 Rf4 31. Ndf3 Nb7 32. Nc6 Ra8 33. Ne7+ Nxe7 34. Rxc7 Nd5 35. Rxb7 Rf7 36. Rxf7 Kxf7 $14 {[%mdl 4096] Endgame KRN-KRN} 37. Ne5+ Kg7 38. Re1 Ra4 39. Nc6 Kf6 40. Rb1 Nc3 41. Rb2 h5 42. g3 g4 43. Kg2 Kf5 44. hxg4+ hxg4 45. Rb3 Nd5 46. Rb1 Ra2 47. Re1 Nc3 48. Re5+ Kf6 {The position is equal.} 49. Nd8 Re2 50. Rxe2 Nxe2 $11 {KN-KN} 51. Nc6 Nc3 52. Ne5 Kf5 53. Nc4 Nxb5 54. Nxb6 Nxd4 55. Nc4 $1 Kg5 56. Kf1 Nf3 57. Ke2 Ng1+ 58. Ke3 Nh3 59. Nd6 Kf6 60. Ne4+ Ke5 61. Nc5 Kf5 62. Nb3 Ke5 63. Nc5 Kf5 64. Nd3 Ng5 65. Nf4 Nh3 66. Ng2 Kf6 67. Ke2 Kf5 68. Ne3+ Kg5 69. Kf1 {Strongly threatening Kg2.} Kh5 70. Kg2 {Nxg4! is the strong threat.} Ng5 71. Nc4 Kg6 72. Kf1 $1 Nh3 73. Ke2 Kf5 74. Ke3 Kg5 75. Nd6 Kf6 76. Ne4+ Ke5 77. Kd3 Ng1 78. Nd2 Kf5 79. Nc4 Nh3 80. Ke2 Kg5 81. Kf1 Kg6 82. Kg2 $1 Ng5 83. Ne3 Kh5 84. Kg1 Nf3+ 85. Kf1 Ng5 86. Kg2 Nf3 87. Nc2 Kg6 88. Kf1 Ng5 89. Nd4 Kf6 90. Ke2 Nh3 91. Ke3 Ke5 92. Nb3 Kf5 93. Nd2 Kf6 94. Nc4 Kf5 95. Ke2 Kg6 96. Kf1 Ng5 97. Ne3 Kh5 $1 98. Ke1 Nh3 99. Ke2 Kg5 100. Kf1 {Hoping for Kg2.} Kh5 101. Nc2 Kg6 102. Kg2 Ng5 103. Ne3 Kh5 {Precision: White = 69%, Black = 75%.} 1/2-1/2

[Event "XX Sants Open 2018"]
[Site "Cotxeres de Sants"]
[Date "2018.08.25"]
[Round "9"]
[White "Nisipeanu, Liviu Dieter"]
[Black "Krishna C R G"]
[Result "1-0"]
[WhiteElo "2657"]
[BlackElo "2402"]
[Annotator "TA"]
[PlyCount "83"]
[EventDate "2018.08.17"]
[EventType "swiss"]
[EventCountry "ESP"]
[SourceTitle "playchess.com"]
[Source "ChessBase"]
[SourceQuality "1"]

{[%evp 22,83,0,0,0,0,20,14,6,14,23,8,8,0,52,6,4,4,3,0,4,15,5,13,0,0,0,0,36,36,35,43,45,43,42,39,84,84,84,84,79,79,90,87,87,89,93,92,141,133,149,101,154,156,190,176,180,149,308,308,304,300,300,287]} 1. e4 e6 2. d4 d5 3. Nd2 Nf6 4. e5 Nfd7 5. Ngf3 c5 6. c3 Nc6 7. Bd3 Qb6 8. O-O cxd4 9. cxd4 Nxd4 10. Nxd4 Qxd4 11. Nf3 Qb6 12. a3 {LiveBook: 14 Partien. C06: Französische Verteidigung (Tarrasch-Variante)} (12. Qa4 Qb4 13. Qc2 Nc5 14. Bd2 Qa4 15. b3 Qd7 16. Rac1 b6 17. Nd4 Ba6 18. Bxa6 Nxa6 19. Qd3 Nc5 20. Qe2 a5 21. Be3 Be7 22. Qg4 g6 {1-0 (75) Mamedov,R (2660)-Wang,H (2734) Shamkir 2014 CBM 160 [Sagar Shah]}) 12... Nc5 13. Be3 Qd8 14. Bc2 {Die Stellung ist ausgeglichen.} Be7 15. Rc1 {Und Lxc5 würde nun gewinnen.} Bd7 16. b4 Ne4 {[#]} 17. Nd4 $146 ({Vorgänger:} 17. Qd4 a5 18. Bxe4 dxe4 19. Qxe4 g6 20. Bh6 b6 21. g3 Bb5 22. Nd4 Bd7 {1-0 (22) Guseinov,G (2616)-Mammadov,A (2404) Konya 2015}) 17... Rc8 (17... Nc3 $11 18. Qg4 g6) 18. Qg4 (18. Bxe4 $5 Rxc1 19. Bxc1 dxe4 20. Qg4 $14) 18... g6 $1 19. Bxe4 h5 20. Qf3 {Schwarz muss nun Ld3 beachten.} dxe4 21. Qxe4 Rxc1 22. Rxc1 Qb8 23. Qc2 Qxe5 24. Nf3 Qb8 25. Bd4 O-O 26. Qd2 Kh7 $1 27. Ng5+ Bxg5 $1 28. Qxg5 e5 29. Bxe5 Qd8 30. Bf6 Qb6 31. h3 Re8 32. Qf4 $40 {[%mdl 128] Weiss riecht Blut.} Bf5 33. Bd4 Qd8 {Droht ...Te4 und aus.} 34. Bxa7 Re7 35. Be3 {Droht stark Dh6+.} Rd7 36. Kh2 Kg8 ({Günstiger ist} 36... Qe7 37. b5 Kg7 38. Qh6+ Kg8) 37. b5 $16 {[%cal Bb4b5,Bb5b6][%mdl 32]} Rd5 {[#]} 38. a4 $1 {[%cal Ba3a4,Ba4a5][%mdl 32]} Be6 39. b6 Qd6 $2 (39... g5 $16 40. Qc7 Qd7 41. Qxd7 Rxd7 42. Bxg5 Kg7) 40. Qxd6 $18 {Weiß hat entscheidenden Vorteil.} Rxd6 {[#]} 41. a5 $1 {[%cal Ra5a6]} Rd7 42. Bf4 {Precision: Weiß = 79%, Schwarz = 49%.} 1-0

[Event "XX Sants Open 2018"]
[Site "Cotxeres de Sants"]
[Date "2018.08.25"]
[Round "9"]
[White "Illescas Cordoba, Miguel"]
[Black "Vaibhav, Suri"]
[Result "1/2-1/2"]
[WhiteElo "2605"]
[BlackElo "2561"]
[Annotator "TA"]
[PlyCount "142"]
[EventDate "2018.08.17"]
[EventType "swiss"]
[EventCountry "ESP"]
[SourceTitle "playchess.com"]
[Source "ChessBase"]
[SourceQuality "1"]

{[%evp 16,142,7,0,0,-14,-25,-31,-16,-36,-12,-9,-22,-23,-10,-22,0,-2,0,-41,0,-25,-13,-13,-13,-64,-18,-14,-16,-37,-35,-41,-43,-52,-52,-53,-49,-66,-54,-53,-53,-62,-36,-68,-54,-68,-41,-47,-47,-35,-47,-47,-47,-68,-68,-68,-68,-68,0,-68,-68,-68,-68,-68,-54,-54,0,-68,-68,-68,-68,-68,-68,-68,0,-68,-68,-68,-68,-68,-51,-68,-68,-68,-68,-68,0,-68,0,-68,0,-68,-68,-68,-68,-68,-68,-68,-68,-68,-68,-68,-68,-68,-54,-68,0,-68,-63,-63,0,-68,0,-68,0,-68,-68,-68,-68,-68,-33,-33,-33,-33,-14,-14,-14,-34,-14]} 1. c4 e5 2. Nc3 Nf6 3. Nf3 Nc6 4. e3 Bb4 5. Qc2 Bxc3 6. Qxc3 Qe7 7. Be2 O-O 8. O-O {A28: Englische Eröffnung (Vierspringer-Variante)} d5 (8... e4 9. Nd4 Nxd4 10. Qxd4 c5 11. Qc3 d5 12. b3 Rd8 13. d4 exd3 14. Bxd3 Be6 15. Bb2 dxc4 16. bxc4 {1-0 (51) Vachier Lagrave,M (2789)-Karjakin,S (2782) Leuven 2018}) 9. d4 {[%cal Rf3e5] LiveBook: 4 Partien} Bg4 {[#] Und ...e4 würde nun gewinnen.} 10. dxe5 $146 {Die Stellung ist ausgeglichen.} (10. Re1 {seems wilder.} e4 11. Ne5 Bxe2 12. Nxc6 Qe6 13. Rxe2 Qxc6 14. b3) ({Vorgänger:} 10. Re1 Rfe8 11. Nxe5 Nxe5 12. dxe5 Ne4 13. Qc2 Bxe2 14. Rxe2 Qxe5 15. cxd5 {½-½ (24) Voetter,H (2203)-Walther,J (2000) GER email 2013}) 10... Nxe5 11. b3 Nxf3+ 12. Bxf3 Ne4 13. Bxe4 dxe4 14. Bb2 {[%csl Gb2][%cal Rc3g7] [#]} f6 15. f3 Bh5 16. fxe4 Qxe4 17. Qd4 Qc6 18. Rf5 Rfd8 (18... Bg6 {looks sharper.} 19. Qd5+ Qxd5 20. Rxd5 Be4 21. Rd2 Rfd8) 19. Rd5 Qe8 20. Rf1 ({Lieber} 20. e4 $11) 20... Bf7 21. Rxd8 Rxd8 22. Qf4 Bg6 23. Bd4 Qe7 24. c5 h6 25. h3 {[%cal Bh2h3,Bh3h4][%mdl 32]} Rd5 26. Rf2 Be4 27. h4 $1 Kh7 28. Qg4 a5 29. a3 Rd8 30. Rf4 Re8 31. b4 axb4 32. axb4 c6 33. Kh2 Bg6 34. Qg3 Qf7 35. Rf2 Re4 36. Rf4 {Und weiter mit h5! wäre nett.} Re8 37. Rf2 Be4 38. Qg4 Qd5 39. Rf4 Bg6 40. Qf3 Be4 41. Qg4 $1 h5 42. Qg3 Qf7 43. Rf2 Bg6 44. Rf4 Be4 45. Rf2 $1 Re6 46. Qf4 Qe7 47. Kh3 Qd8 48. Qg3 Qd7 49. Kh2 Qe7 50. Kh3 Qd7 51. Kh2 Qd8 52. Kh3 $1 Qe7 (52... Re7 {keeps more tension.} 53. Kh2 Qe8 54. Rf4 Qf7 55. Rf2 Bg6) 53. Qf4 $1 Bb1 54. Qg3 Bg6 55. Kh2 Qd7 56. Rf4 Qd5 57. Qf2 Be4 58. Qe2 Kh6 59. Qb2 Re8 60. Qf2 {Mit der Idee Txf6+!} Kh7 61. Qg3 $1 Bg6 (61... Qe6 {with more complications.} 62. Rf2 Qf7 63. Rf4 Bg6 64. Qf2 Re7) 62. Qf3 Qf7 63. Qg3 $1 Be4 64. Rf2 $1 Re6 65. Qf4 $1 Bd5 66. Qg3 Re8 67. Rf4 Qe6 68. Qh3 Qxh3+ 69. Kxh3 Ra8 70. e4 Be6+ 71. Kh2 Kg6 {Precision: Weiß = 67%, Schwarz = 45%.} 1/2-1/2